Využitie nových trendov v elektronickom obchode vybraného subjektu diplomová práca

Na minha lista:
Detalhes bibliográficos
Autor principal: Pečeňa, Stanislav
Autor Corporativo: Obchodná fakulta EU. Katedra marketingu
Outros Autores: Červenka, Peter, 1976-
Formato: Livro
Idioma:eslovaco
Publicado em: Bratislava 2024
Tags: Adicionar Tag
Sem tags, seja o primeiro a adicionar uma tag!

MARC

LEADER 00000nbm a2200000 4500
001 0302469
005 20241206152534.4
041 0 |a slo 
044 |a SK 
245 1 0 |a Využitie nových trendov v elektronickom obchode vybraného subjektu  |b diplomová práca  |c Stanislav Pečeňa ; školiteľ: Peter Červenka 
264 1 |a Bratislava  |c 2024 
300 |a 76 s. 
100 1 |a Pečeňa, Stanislav 
700 1 |a Červenka, Peter, 1976- 
710 2 |a Obchodná fakulta EU. Katedra marketingu